000 00323nam a22001337a 4500
020 _a0596006330
082 _222
_a005.7585
100 _aAllen, Robbie.
245 _aWindows server cookbook /
250 _a1st ed.
260 _aCalifornia,
_bO'Reilly,
_cc2005.
300 _axxiv, 670p. ;
_bill. ;
_c23 cm.
942 _2ddc
_cIT
999 _c2390
_d2390